Опавшие листья: Лирико-философские записки

Bibliografiske detaljer
Hovedforfatter: Розанов В. В. Василий Васильевич
Andre forfattere: Гулыга А. В. (автор предисловия)
Sprog:russisk
Udgivet: Москва, Современник, 1992
Fag:
Format: MixedMaterials Bog
KOHA link:https://koha.lib.tpu.ru/cgi-bin/koha/opac-detail.pl?biblionumber=118631

MARC

LEADER 00000nam0a2200000 4500
001 118631
005 20231101215502.0
010 |a 5270013657 
020 |a RU  |b 92-9860 
035 |a (RuTPU)RU\TPU\book\128369 
090 |a 118631 
100 |a 20070615d1992 m y0rusy5003 ca 
101 0 |a rus 
102 |a RU 
105 |a y z 000ay 
200 1 |a Опавшие листья  |e Лирико-философские записки  |f В. В. Розанов  |g авт. предисл. и сост. А. В. Гулыга 
210 |a Москва  |c Современник  |d 1992 
215 |a 541,[2] с.  |d 21 см 
610 1 |a философия 
610 1 |a русская литература 
610 1 |a записки 
675 |a Р1  |z rus  |v 3 
700 1 |a Розанов  |b В. В.  |c русский писатель, публицист, мыслитель  |f 1856-1919  |g Василий Васильевич  |2 stltpush  |3 (RuTPU)RU\TPU\pers\1049  |9 468 
702 1 |a Гулыга  |b А. В.  |4 080 
801 0 |a RU  |b RuMRKP  |c 19950417  |g psbo 
801 1 |a RU  |b 63413507  |c 20070615  |g PSBO 
801 2 |a RU  |b 63413507  |c 20070906  |g PSBO 
942 |c BK